000
00256nam a2200109Ia 4500
005
20251222114338.0
008
251222s1900||||xx |||||||||||||| ||spa||
082
_a
DVD0093/T34/2000
245
0
_a
Al encuentro con Jesús
264
_b
Tele San Juan
942
_c
DVD
999
_c
759
_d
759